000 01086cam a22003134a 4500
001 14931524
005 20221005092728.0
008 070609s2007 enk b 001 0 eng
010 _a 2007389983
020 _a9781861978158
025 _aI-E-2007-389983; 63-91; 92-91
037 _bLibrary of Congress -- New Delhi Overseas Office
_cRs250.00
040 _aDLC
_cDLC
042 _alcode
043 _aa-cc---
_aa-ii---
050 0 0 _aHC427.95
_b.S65 2007
082 _a337.51073
_bSMI
100 1 _aSmith, David,
_d1954 April 3-
_999107
245 1 4 _aThe dragon and the elephant :
_bChina, India, and the new world order /
_cDavid Smith.
260 _aLondon :
_bProfile Books :
_bDistributed by Viva Books,
_c2007.
300 _a266 p. ;
_c24 cm.
504 _aIncludes bibliographical references (p. [239]-252)and index.
650 0 _aGeopolitics.
_983838
651 0 _aChina
_xEconomic conditions.
_999108
651 0 _aIndia
_xEconomic conditions.
_981112
906 _a7
_bcbc
_corigode
_d3
_encip
_f20
_gy-gencatlg
942 _2ddc
_cBK
999 _c591490
_d591490